00328nam a2200109Ia 4500008004100000082000800041100001900049245003400068942000600102952009500108999001500203240331s9999 xx 000 0 und d bBAL aBalachandran,K 0aSindubairavi :ba film script cL 001040708LaWERCLbWERCLcSSCd2024-03-31l0o 812 BALp6097r2024-03-31w2024-03-31yL c4719d4719